MARC details
| 000 -LÍDER |
| campo de controle de tamanho fixo |
01575naa a22004097a 4500 |
| 001 - NÚMERO DE CONTROLE |
| campo de controle |
BR8200262 |
| 003 - IDENTIFICADOR DO NÚMERO DE CONTROLE |
| campo de controle |
BR-BrBNA |
| 005 - DATA E HORÁRIO DA ÚLTIMA TRANSAÇÃO |
| campo de controle |
20240918175109.0 |
| 007 - CAMPO FIXO DE DESCRIÇÃO FÍSICA--INFORMAÇÃO GERAL |
| campo de controle de tamanho fixo |
ta |
| 008 - CAMPO DE DADOS FIXOS--INFORMAÇÃO GERAL |
| campo de controle de tamanho fixo |
230509b bl.||||| |||| 00| 0 por d |
| 040 ## - FONTE DA CATALOGAÇÃO |
| Instituição da catalogação original |
BR-BrBNA |
| Idioma da catalogação |
por |
| Instituição que transcreveu o registro |
Biblioteca Nacional de Agricultura |
| 041 ## - CÓDIGO DE IDIOMA |
| Código do idioma do texto/trilha sonora ou título diferente |
(Pt) |
| 072 ## - CÓDIGO DE CATEGORIA DE ASSUNTO |
| Código de Categoria de Assunto |
F30; H20 |
| Código do objeto |
1440 |
| -- |
4150 |
| -- |
4120 |
| -- |
G514 |
| 090 ## - NÚMERO DE CHAMADA LOCAL |
| Número de chamada |
F30 BR8200262 |
| 100 1# - ENTRADA PRINCIPAL--NOME PESSOAL |
| Nome pessoal |
Martins, O.R.G. |
| 100 1# - ENTRADA PRINCIPAL--NOME PESSOAL |
| Nome pessoal |
Lima, J.A.A. |
| 100 1# - ENTRADA PRINCIPAL--NOME PESSOAL |
| Nome pessoal |
Martins, R.P. |
| 100 1# - ENTRADA PRINCIPAL--NOME PESSOAL |
| Nome pessoal |
Pinheiro, M.S.B. |
| 111 1# - ENTRADA PRINCIPAL--NOME DO EVENTO |
| Nome do evento ou lugar |
2. Seminario de Pesquisa Agropecuaria do Piaui |
| Local do evento |
Teresina, PI (Brazil) |
| Data do evento ou assinatura do tratado |
7 Oct 1980 |
| 245 1# - TÍTULO |
| Título |
Fontes de resistencia a doencas de feijao macassar [Variedade resistente; Mosaico; Mancha vermelha; Piaui; Brasil] |
| Restante do título |
Ensaio nacional |
| 246 1# - FORMA VARIANTE DO TÍTULO |
| Título/título abreviado |
[Resistance sources to "Macassar" bean diseases [Resistant variety; Mosaic; Red spot; Piaui; Brazil]] |
| Restante do título |
[National trial] |
| 246 1# - FORMA VARIANTE DO TÍTULO |
| Título/título abreviado |
[Annals of the 2. Farm Research Seminar of Piaui] |
| 260 3# - PUBLICAÇÃO, DISTRIBUIÇÃO, ETC. |
| Local de publicação, distribuição, etc. |
Teresina, PI (Brasil): |
| Data da publicação, distribuição, etc. |
1981. |
| 500 ## - NOTA GERAL |
| Nota geral |
Anais do 2. Seminario de Pesquisa Agropecuaria do Piaui<br/>Teresina, PI (Brasil): 1981. p. 91-98<br/>(BR8200262-AM)F30<br/> |
| 650 ## - ASSUNTO--TERMO TÓPICO |
| Cabeçalho tópico ou nome geográfico |
Melhoramento genetico vegetal |
| 650 ## - ASSUNTO--TERMO TÓPICO |
| Cabeçalho tópico ou nome geográfico |
Doenca de planta |
| 650 ## - ASSUNTO--TERMO TÓPICO |
| Cabeçalho tópico ou nome geográfico |
Feijao de corda |
| 650 ## - ASSUNTO--TERMO TÓPICO |
| Cabeçalho tópico ou nome geográfico |
Mosaico |
| 650 ## - ASSUNTO--TERMO TÓPICO |
| Cabeçalho tópico ou nome geográfico |
Mancha vermelha |
| 650 ## - ASSUNTO--TERMO TÓPICO |
| Cabeçalho tópico ou nome geográfico |
Variedade resistente |
| 650 ## - ASSUNTO--TERMO TÓPICO |
| Cabeçalho tópico ou nome geográfico |
Virus |
| 650 ## - ASSUNTO--TERMO TÓPICO |
| Cabeçalho tópico ou nome geográfico |
Fungo |
| 650 ## - ASSUNTO--TERMO TÓPICO |
| Cabeçalho tópico ou nome geográfico |
Piaui |
| 773 0# - ENTRADA ANALÍTICA |
| Título |
Anais do 2. Seminario de Pesquisa Agropecuaria do Piaui |
| Número de controle do registro |
F30 BR8200262 |
| Partes relacionadas |
Teresina, PI (Brasil), 1981. p. 91-98 |
| 909 ## - |
| -- |
202404 |
| -- |
Lucia |
| -- |
55 |
| -- |
Lucia Elande |
| 942 ## - ELEMENTOS DE ENTRADA ADICIONADOS (KOHA) |
| Tipo de material Koha |
Capítulo-Livro |
| Fonte da classificação ou esquema de arquivamento na estante |
Classificação AGRIS |